Reprezentanci polski na Eurowizji - Statystyki

Ogólne statystyki
  • Ten quiz został rozwiązany 126 razy
    69 od ostatniego zresetowania
  • Średni wynik to 12 z 26
Statystyki odpowiedzi
Rok Odpowiedź % Poprawnych
1994 Edyta Górniak
95%
2023 Blanka
87%
2003 Ich Troje
76%
2006 Ich Troje
76%
2016 Michał Szpak
73%
2021 Rafał Brzozowski
73%
2022 Krystian Ochman
61%
2001 Andrzej Piaseczny
56%
1995 Justyna Steczkowska
53%
2019 Tulia
53%
2017 Kasia Moś
50%
1996 Kasia Kowalska
44%
1999 Mietek Szcześniak
44%
2014 Donatan i Cleo
42%
2020 Alicja Szemplińska
40%
1997 Anna Maria Jopek
40%
2015 Monika Kuszyńska
35%
2004 Blue Cafe
34%
2011 Magdalena Tul
31%
2005 Ivan i Delfin
29%
1998 Sixteen
29%
2008 Isis Gee
26%
2007 The Jet Set
24%
2009 Lidia Kopania
23%
2010 Marcin Mroziński
18%
2018 Gromee feat. Lukas Meijer
10%
Nie znaleziono quizów pasujących do podanych kryteriów
Rozkład punktacji
Procent ludzi z każdym wynikiem
Percentyl według liczby udzielonych odpowiedzi
Twoja historia wyników
Nie rozwiązałeś tego quizu od ostatniego zresetowania